[Event "Prague Summer op-A 10th"]
[Site "Prague"]
[Date "2023.08.04"]
[Round "1"]
[White "Pick, Stepan"]
[Black "Camarena Gimenez, Rufino"]
[Result "0-1"]
[WhiteElo "1895"]
[BlackElo "2308"]
[PlyCount "83"]
[EventDate "2023.08.04"]
[EventType "swiss"]
[EventRounds "9"]
[EventCountry "CZE"]
[SourceTitle "CBM 215 Extra"]
[Source "ChessBase"]
[SourceDate "2023.09.30"]
[SourceVersion "1"]
[SourceVersionDate "2023.09.30"]
[SourceQuality "1"]

1. Nf3 Nf6 2. c4 g6 3. Nc3 Bg7 4. e4 d6 5. d4 0-0 6. Be2 e5 7. 0-0 exd4 8. Nxd4 Re8 9. f3 c6 10. Kh1 Nbd7 11. Bg5 Qb6 12. Nc2 Qxb2 13. Qd2 Qb6 14. Bh6 Qa5 15. Bxg7 Kxg7 16. Nd4 Nb6 17. Rfd1 Be6 18. Rac1 Rad8 19. g4 h6 20. f4 Bxg4 21. Rg1 Nxe4 22. Qb2 Nxc3 23. Bxg4 Nxc4 24. Qxc3 Qxc3 25. Rxc3 d5 26. Be2 Nd6 27. Bg4 Re4 28. Ne2 Rde8 29. Rc2 Nc4 30. Bf3 Re3 31. Kg2 Ra3 32. Kf2 Ree3 33. Nd4 Red3 34. Nb3 Ne3 35. Re2 Nf5 36. Rc1 Rxf3+ 37. Kxf3 Nd4+ 38. Kf2 Nxe2 39. Kxe2 Rxa2+ 40. Nd2 Kf6 41. Ke3 Kf5 42. Rc3 0-1

[Event "Klatovy op-A 29th"]
[Site "Klatovy"]
[Date "2023.07.05"]
[Round "5"]
[White "Kucera, Petr2222"]
[Black "Pick, Stepan"]
[Result "1-0"]
[WhiteElo "1935"]
[BlackElo "1911"]
[PlyCount "146"]
[EventDate "2023.07.01"]
[EventType "swiss"]
[EventRounds "9"]
[EventCountry "CZE"]
[SourceTitle "CBM 215 Extra"]
[Source "ChessBase"]
[SourceDate "2023.09.30"]
[SourceVersion "1"]
[SourceVersionDate "2023.09.30"]
[SourceQuality "1"]

1. e4 e6 2. Nc3 d5 3. Nf3 d4 4. Ne2 c5 5. c3 Nc6 6. cxd4 cxd4 7. Qa4 Bd7 8. Nexd4 Nxd4 9. Qxd4 Bc6 10. Qc3 Qb6 11. Bd3 Nf6 12. 0-0 Be7 13. e5 Nd5 14. Qd4 0-0-0 15. Qxb6 Nxb6 16. Be2 g5 17. Rd1 Nd5 18. d4 Nf4 19. Bxf4 gxf4 20. Rac1 Kb8 21. Ne1 Rhg8 22. Bf3 Bd5 23. Bxd5 Rxd5 24. Nf3 Rgd8 25. Rd2 h6 26. Kf1 Rc8 27. Rdc2 Rxc2 28. Rxc2 b5 29. Ke2 Rd8 30. Kd3 Rg8 31. Ke4 Rxg2 32. Kxf4 Kb7 33. h3 Rg8 34. Ke4 a6 35. Rc1 Rg2 36. Rg1 Rxf2 37. Rg7 Kc6 38. Rxf7 Bd8 39. b4 Rxa2 40. Rh7 a5 41. Rxh6 Kd7 42. Rh7+ Kc6 43. Ra7 a4 44. h4 Ra1 45. Kf4 a3 46. h5 a2 47. h6 Rh1 48. Rxa2 Rxh6 49. Ke4 Bb6 50. Rc2+ Kd7 51. Rh2 Rxh2 52. Nxh2 Bd8 53. Kd3 Be7 54. Kc3 Bg5 55. Ng4 Bh4 56. Kd2 Bg5+ 57. Kd3 Bh4 58. Nf6+ Kc6 59. Ne4 Be1 60. Nc3 Bf2 61. Ke4 Be1 62. d5+ exd5+ 63. Nxd5 Bh4 64. Nf4 Be1 65. Nd3 Bh4 66. Kf5 Kd5 67. Nc5 Bd8 68. Na6 Be7 69. e6 Bd8 70. Nb8 Be7 71. Na6 Bd8 72. Nc5 Be7 73. Nd3 Bd8 1-0

[Event "Klatovy op-A 29th"]
[Site "Klatovy"]
[Date "2023.07.04"]
[Round "4"]
[White "Hosnedl, Jiri"]
[Black "Pick, Stepan"]
[Result "1-0"]
[WhiteElo "1858"]
[BlackElo "1911"]
[PlyCount "95"]
[EventDate "2023.07.01"]
[EventType "swiss"]
[EventRounds "9"]
[EventCountry "CZE"]
[SourceTitle "CBM 215 Extra"]
[Source "ChessBase"]
[SourceDate "2023.09.30"]
[SourceVersion "1"]
[SourceVersionDate "2023.09.30"]
[SourceQuality "1"]

1. d4 f5 2. c4 Nf6 3. Nf3 g6 4. g3 Bg7 5. Bg2 0-0 6. Nc3 d6 7. 0-0 Qe8 8. Qb3 c6 9. d5 cxd5 10. cxd5 Na6 11. Be3 Nd7 12. Rac1 Ndc5 13. Qa3 Nc7 14. Bxc5 dxc5 15. Qxc5 Na6 16. Qa3 Bd7 17. e3 Nc7 18. Rfd1 Kh8 19. d6 Nb5 20. Nxb5 Bxb5 21. dxe7 Rf7 22. Nd4 Ba6 23. Nc6 Bf6 24. Rd8 Rxd8 25. exd8Q Bxd8 26. Nxd8 Qxd8 27. Qc3+ Qf6 28. Qxf6+ Rxf6 29. Rc8+ Kg7 30. Bf3 Rb6 31. b3 Kf6 32. Ra8 Rd6 33. Rxa7 g5 34. h3 f4 35. gxf4 gxf4 36. exf4 Rd7 37. Ra8 Rd2 38. a4 Rd3 39. Be2 Rxb3 40. Bxa6 bxa6 41. Rxa6+ Kf5 42. Rh6 Ra3 43. Ra6 Kxf4 44. Kg2 Kg5 45. a5 Kh5 46. f3 Kg5 47. Kg3 h5 48. h4+ 1-0

[Event "Prague Summer op 7th"]
[Site "Prague"]
[Date "2020.08.08"]
[Round "1"]
[White "Mirimanian, Hayk"]
[Black "Pick, Stepan"]
[Result "1-0"]
[WhiteElo "2268"]
[BlackElo "1955"]
[PlyCount "67"]
[EventDate "2020.08.08"]
[EventType "swiss"]
[EventRounds "9"]
[EventCountry "CZE"]
[SourceTitle "CBM 197 Extra"]
[Source "ChessBase"]
[SourceDate "2020.09.30"]
[SourceVersion "1"]
[SourceVersionDate "2020.09.30"]
[SourceQuality "1"]

1. e4 e6 2. d4 d5 3. Nd2 c5 4. dxc5 Bxc5 5. Bd3 Nc6 6. Ngf3 Nf6 7. Qe2 Nb4 8. e5 Nxd3+ 9. cxd3 Nd7 10. Nb3 Be7 11. Nbd4 Bb4+ 12. Kf1 Qb6 13. h4 f6 14. exf6 Nxf6 15. h5 0-0 16. h6 g6 17. Bg5 Bd7 18. Rh4 Rae8 19. Ne5 Bc8 20. Rc1 Bc5 21. Ndf3 Be7 22. Be3 Qa6 23. b3 Ba3 24. Rc7 Re7 25. Qc2 Bd7 26. Bc5 Bxc5 27. Qxc5 Rfe8 28. Rf4 Ne4 29. Rxe4 dxe4 30. Nd2 Qb5 31. Qd6 Qd5 32. Nxe4 Qxd6 33. Nxd6 Bc6 34. Nxe8 1-0

[Event "Klatovy op 27th"]
[Site "Klatovy"]
[Date "2019.07.01"]
[Round "3"]
[White "Pick, Stepan"]
[Black "Jurek, Josef"]
[Result "0-1"]
[WhiteElo "2058"]
[BlackElo "2247"]
[PlyCount "142"]
[EventDate "2019.06.29"]
[EventType "swiss"]
[EventRounds "9"]
[EventCountry "CZE"]
[SourceTitle "EXT 2020"]
[Source "ChessBase"]
[SourceDate "2019.10.17"]
[SourceVersion "1"]
[SourceVersionDate "2019.10.17"]
[SourceQuality "1"]

1. d4 Nf6 2. Nf3 e6 3. e3 b6 4. Bd3 Bb7 5. 0-0 c5 6. b3 Be7 7. Bb2 0-0 8. Nbd2 d6 9. c4 Nbd7 10. Re1 Re8 11. Rc1 a6 12. Bb1 Rc8 13. a3 Qc7 14. b4 Qb8 15. Qb3 b5 16. bxc5 bxc4 17. Qc2 dxc5 18. Ne5 g6 19. Nxd7 Nxd7 20. dxc5 Rxc5 21. Bd4 Rh5 22. Nf1 Bxa3 23. Rcd1 Bb4 24. Bc3 Bxc3 25. Qxc3 Qc7 26. Ng3 Rc5 27. Bc2 Bc6 28. Rd4 Nb6 29. Qa3 Bd5 30. e4 Bb7 31. Qe3 e5 32. Rdd1 f6 33. h4 Bc8 34. Ne2 Bg4 35. f3 Be6 36. Nc3 Ra5 37. Ra1 Rxa1 38. Rxa1 Ra8 39. Kh2 Nd7 40. Qd2 Kg7 41. h5 Nc5 42. h6+ Kf7 43. Rd1 Rc8 44. Nd5 Qc6 45. Nb4 Qb7 46. Nd5 Bxd5 47. exd5 Rd8 48. d6 Qc6 49. Qc3 Ne6 50. Be4 Qb5 51. Bd5 Rxd6 52. Bxc4 Qc6 53. Rxd6 Qxd6 54. Bxe6+ Qxe6 55. Qc7+ Qe7 56. Qc4+ Kf8 57. Qc8+ Kf7 58. Qc4+ Ke8 59. Qc8+ Qd8 60. Qb7 Qd7 61. Qxa6 f5 62. Qa8+ Qd8 63. Qc6+ Kf8 64. Qc5+ Qe7 65. Qc8+ Kf7 66. Qc4+ Kf6 67. g4 fxg4 68. fxg4 e4 69. Kh3 g5 70. Qg8 e3 71. Kg3 e2 0-1

[Event "Klatovy op-A 23rd"]
[Site "Klatovy"]
[Date "2017.07.04"]
[Round "4"]
[White "Pick, Stepan"]
[Black "Pavlicek, Petr"]
[Result "1-0"]
[WhiteElo "2105"]
[BlackElo "1899"]
[PlyCount "101"]
[EventDate "2017.07.01"]
[EventType "swiss"]
[EventRounds "9"]
[EventCountry "CZE"]
[SourceTitle "EXT 2018"]
[Source "ChessBase"]
[SourceDate "2017.10.13"]
[SourceVersion "1"]
[SourceVersionDate "2017.10.13"]
[SourceQuality "1"]

1. Nf3 Nf6 2. c4 g6 3. Nc3 d5 4. cxd5 Nxd5 5. e4 Nxc3 6. bxc3 Bg7 7. d4 c5 8. Be3 Nc6 9. Rc1 Qa5 10. d5 Ne5 11. Nxe5 Bxe5 12. Qd2 0-0 13. f4 Bg7 14. Bd3 Rd8 15. c4 Qxd2+ 16. Kxd2 b6 17. Ke2 e6 18. Kf2 f6 19. Rhd1 Kf7 20. Be2 Ke7 21. g4 Bb7 22. Bf3 e5 23. Kg2 Kd6 24. Rf1 Rf8 25. Rf2 h6 26. h4 Rad8 27. Rcf1 Bc8 28. Be2 Ke7 29. Kg3 Ba6 30. Bd3 Kd6 31. a4 Rb8 32. Rb1 Kc7 33. fxe5 fxe5 34. Rfb2 Rfd8 35. a5 Rb7 36. Bd2 Rdb8 37. axb6+ axb6 38. Be3 Kd6 39. Ra2 Ra8 40. Rba1 Rba7 41. g5 h5 42. Bf1 Bh8 43. Bh3 Bg7 44. Kf2 Bh8 45. Ke1 Bg7 46. Kd2 Bh8 47. Kc3 Bg7 48. Be6 Ke7 49. Rf2 Rf8 50. Rxf8 Kxf8 51. Bc8 1-0

[Event "Prague op 16th"]
[Site "Prague"]
[Date "2017.01.13"]
[Round "1"]
[White "Chernyshov, Konstantin"]
[Black "Pick, Stepan"]
[Result "1-0"]
[WhiteElo "2492"]
[BlackElo "2057"]
[PlyCount "43"]
[EventDate "2017.01.13"]
[EventType "swiss"]
[EventRounds "9"]
[EventCountry "CZE"]
[SourceTitle "CBM 176 Extra"]
[Source "ChessBase"]
[SourceDate "2017.03.02"]
[SourceVersion "1"]
[SourceVersionDate "2017.03.02"]
[SourceQuality "1"]

1. d4 d6 2. e4 Nf6 3. Nc3 g6 4. f4 Bg7 5. Nf3 0-0 6. Bd3 Nc6 7. e5 dxe5 8. fxe5 Nh5 9. Be3 Bg4 10. Be2 f6 11. exf6 exf6 12. Qd2 f5 13. 0-0-0 Qd7 14. Rhe1 Rae8 15. d5 Nd8 16. Bc5 Nf6 17. Bb5 c6 18. Bxf8 Kxf8 19. Bc4 Nf7 20. Rxe8+ Nxe8 21. dxc6 Qxc6 22. Bxf7 1-0

[Event "Klatovy op 22nd"]
[Site "Klatovy"]
[Date "2016.07.04"]
[Round "3"]
[White "Pick, Stepan"]
[Black "Oz, Ozan"]
[Result "1/2-1/2"]
[WhiteElo "2058"]
[BlackElo "1863"]
[PlyCount "40"]
[EventDate "2016.07.02"]
[EventType "swiss"]
[EventRounds "9"]
[EventCountry "CZE"]
[SourceTitle "CBM 173 Extra"]
[Source "ChessBase"]
[SourceDate "2016.08.29"]
[SourceVersion "1"]
[SourceVersionDate "2016.08.29"]
[SourceQuality "1"]

1. d4 Nf6 2. Nf3 e6 3. e3 b6 4. Bd3 Bb7 5. 0-0 c5 6. c4 Be7 7. Nc3 d5 8. cxd5 exd5 9. b3 Nc6 10. Bb2 0-0 11. Ne2 Nb4 12. Bb1 c4 13. a3 Nc6 14. bxc4 dxc4 15. e4 Na5 16. d5 Re8 17. Qc2 Nd7 18. Ng3 g6 19. Ba2 Bf6 20. Bxf6 Qxf6 1/2-1/2

[Event "Klatovy op 22nd"]
[Site "Klatovy"]
[Date "2016.07.03"]
[Round "2"]
[White "Hurdzan, Tomas"]
[Black "Pick, Stepan"]
[Result "1-0"]
[WhiteElo "2208"]
[BlackElo "2058"]
[PlyCount "105"]
[EventDate "2016.07.02"]
[EventType "swiss"]
[EventRounds "9"]
[EventCountry "CZE"]
[SourceTitle "CBM 173 Extra"]
[Source "ChessBase"]
[SourceDate "2016.08.29"]
[SourceVersion "1"]
[SourceVersionDate "2016.08.29"]
[SourceQuality "1"]

1. e4 e6 2. Nf3 d5 3. Nc3 Nf6 4. d4 Nfd7 5. e5 c5 6. dxc5 Nc6 7. Bf4 Bxc5 8. Bd3 f6 9. exf6 Qxf6 10. Bg5 Qf7 11. 0-0 0-0 12. Bh4 h6 13. Qe2 Nf6 14. Bg3 Bd7 15. Rae1 Nh5 16. Nd1 Nxg3 17. hxg3 Bd6 18. c4 Nb4 19. Bb1 dxc4 20. Qxc4 Rfd8 21. Ne5 Bxe5 22. Rxe5 Nd5 23. Nc3 Nxc3 24. Qxc3 Bc6 25. Qe3 Bd5 26. Rd1 a6 27. Rd4 Bc6 28. Rf4 Qd7 29. Bg6 Qd1+ 30. Kh2 Qf1 31. f3 Rd1 32. g4 Rad8 33. Rxe6 R1d2 34. Re8+ Rxe8 35. Qxd2 Qe1 36. Qxe1 Rxe1 37. b4 Re5 38. Kg3 a5 39. bxa5 Rxa5 40. Rf5 Ra6 41. Bf7+ Kh7 42. Bb3 Ra8 43. Kf4 Re8 44. Re5 Rf8+ 45. Ke3 Rd8 46. g3 Rd6 47. f4 Kh8 48. g5 hxg5 49. Rxg5 g6 50. Bc2 Kh7 51. Bb3 Kh6 52. Re5 Bg2 53. Re6 1-0

[Event "CZE-chT2C 1516"]
[Site "Czech Republic"]
[Date "2016.03.13"]
[Round "9.6"]
[White "Fojtu, Jan"]
[Black "Pick, Stepan"]
[Result "1/2-1/2"]
[WhiteElo "2104"]
[BlackElo "2036"]
[PlyCount "79"]
[EventDate "2015.10.18"]
[EventType "team-tourn"]
[EventRounds "11"]
[EventCountry "CZE"]
[SourceTitle "EXT 2022"]
[Source "ChessBase"]
[SourceDate "2021.10.06"]
[SourceVersion "1"]
[SourceVersionDate "2021.10.06"]
[SourceQuality "1"]
[WhiteTeam "Ricany"]
[BlackTeam "Pankrac II"]
[WhiteTeamCountry "CZE"]
[BlackTeamCountry "CZE"]

1. e4 d6 2. d4 Nf6 3. Bd3 e5 4. d5 Be7 5. c4 0-0 6. Nc3 Ne8 7. Qc2 Bg5 8. Nge2 Bxc1 9. Rxc1 a5 10. 0-0 Na6 11. Qd2 Nc5 12. Bc2 Nf6 13. b3 Nh5 14. a3 f5 15. f4 exf4 16. Nxf4 Nxf4 17. Rxf4 fxe4 18. Rcf1 Rxf4 19. Qxf4 Qe7 20. Nxe4 Nxe4 21. Bxe4 Bd7 22. h3 Re8 23. Rf3 Qf6 24. Qxf6 gxf6 25. Rg3+ Kh8 26. Bd3 Re5 27. Kf2 b6 28. b4 axb4 29. axb4 Be8 30. Bb1 Bf7 31. Ra3 Kg7 32. Ra7 Re7 33. g4 h6 34. Kf3 b5 35. Ba2 bxc4 36. Bxc4 Bg6 37. b5 Kf7 38. Rb7 f5 39. Kf2 fxg4 40. hxg4 1/2-1/2

[Event "CZE-chT2C 1516"]
[Site "Czech Republic"]
[Date "2015.10.18"]
[Round "1.7"]
[White "Stolba, Milos"]
[Black "Pick, Stepan"]
[Result "1/2-1/2"]
[WhiteElo "2041"]
[BlackElo "2036"]
[PlyCount "75"]
[EventDate "2015.10.18"]
[EventType "team-tourn"]
[EventRounds "11"]
[EventCountry "CZE"]
[SourceTitle "EXT 2022"]
[Source "ChessBase"]
[SourceDate "2021.10.06"]
[SourceVersion "1"]
[SourceVersionDate "2021.10.06"]
[SourceQuality "1"]
[WhiteTeam "Kutna Hora"]
[BlackTeam "Pankrac II"]
[WhiteTeamCountry "CZE"]
[BlackTeamCountry "CZE"]

1. d4 Nf6 2. Nf3 c5 3. d5 g6 4. g3 d6 5. Bg2 Bg7 6. 0-0 b5 7. c4 0-0 8. cxb5 a6 9. bxa6 Bxa6 10. Nc3 Nbd7 11. Re1 Qa5 12. h3 Rfb8 13. Qc2 Ne8 14. e4 Nc7 15. Bd2 Nb5 16. a4 Nxc3 17. Bxc3 Bxc3 18. bxc3 Bc4 19. Nd2 Ne5 20. Nxc4 Nxc4 21. Bf1 Ne5 22. Kg2 c4 23. f4 Nd3 24. Bxd3 cxd3 25. Qxd3 Rb3 26. Re3 Rc8 27. Rc1 Qxa4 28. Kf3 Qa5 29. Qd4 Qa3 30. Qd2 Qa5 31. e5 Qc5 32. exd6 exd6 33. c4 Rb4 34. Qe2 h5 35. Rec3 Qd4 36. Qe3 Rcxc4 37. Qxd4 Rxd4 38. Ra1 1/2-1/2

[Event "Klatovy op 21st"]
[Site "Klatovy"]
[Date "2015.07.04"]
[Round "8"]
[White "Krivanek, Vladimir"]
[Black "Pick, Stepan"]
[Result "1/2-1/2"]
[WhiteElo "2161"]
[BlackElo "2028"]
[PlyCount "79"]
[EventDate "2015.06.27"]
[EventType "swiss"]
[EventRounds "9"]
[EventCountry "CZE"]
[SourceTitle "EXT 2016"]
[Source "ChessBase"]
[SourceDate "2015.10.08"]
[SourceVersion "1"]
[SourceVersionDate "2015.10.08"]
[SourceQuality "1"]

1. d4 f5 2. e4 fxe4 3. Nc3 Nf6 4. Bg5 Nc6 5. d5 Ne5 6. Qd4 Nf7 7. h4 e5 8. dxe6 dxe6 9. Bxf6 gxf6 10. Qxe4 f5 11. Qf3 a6 12. Bc4 Bh6 13. Rd1 Qf6 14. Bb3 0-0 15. Nge2 Ne5 16. Qg3+ Kh8 17. Nf4 Ng6 18. Nxg6+ Qxg6 19. Qxc7 Qxg2 20. Rh2 Qg7 21. Qxg7+ Kxg7 22. Rg2+ Kf6 23. Na4 b5 24. Nb6 Bb7 25. Rg3 Bf4 26. Rc3 Rg8 27. Nxa8 Bxa8 28. Ke2 Be5 29. Rcd3 Rg2 30. Rd8 Bc6 31. R8d6 Bxd6 32. Rxd6 Be4 33. Rxe6+ Kg7 34. Rxa6 Rh2 35. Rb6 Rxh4 36. Rxb5 h5 37. Rc5 Rh1 38. Bd5 Kf6 39. Bxe4 fxe4 40. Ke3 1/2-1/2

[Event "Klatovy op 21st"]
[Site "Klatovy"]
[Date "2015.07.02"]
[Round "6"]
[White "Vedral, Oldrich"]
[Black "Pick, Stepan"]
[Result "1/2-1/2"]
[WhiteElo "2264"]
[BlackElo "2028"]
[PlyCount "60"]
[EventDate "2015.06.27"]
[EventType "swiss"]
[EventRounds "9"]
[EventCountry "CZE"]
[SourceTitle "EXT 2016"]
[Source "ChessBase"]
[SourceDate "2015.10.08"]
[SourceVersion "1"]
[SourceVersionDate "2015.10.08"]
[SourceQuality "1"]

1. d4 f5 2. g3 Nf6 3. Bg2 g6 4. Nf3 Bg7 5. 0-0 0-0 6. c4 d6 7. Nc3 Qe8 8. d5 a5 9. Rb1 Na6 10. a3 Nc5 11. b4 axb4 12. axb4 Nfe4 13. Nxe4 Nxe4 14. Qd3 e5 15. Nd2 Nxd2 16. Bxd2 Qe7 17. e4 Bd7 18. c5 Qf6 19. Qc4 f4 20. f3 h5 21. Rfc1 Rf7 22. b5 dxc5 23. gxf4 b6 24. fxe5 Qxe5 25. f4 Qd4+ 26. Qxd4 Bxd4+ 27. Kh1 Ra2 28. Rd1 Bg4 29. e5 Bxd1 30. Rxd1 Ra1 1/2-1/2

[Event "Olomouc op 17th"]
[Site "Olomouc"]
[Date "2014.08.01"]
[Round "2"]
[White "Chudinovskih, Alexander N"]
[Black "Pick, Stepan"]
[Result "1-0"]
[WhiteElo "2293"]
[BlackElo "2059"]
[PlyCount "55"]
[EventDate "2014.07.31"]
[EventType "swiss"]
[EventRounds "9"]
[EventCountry "CZE"]
[SourceTitle "CBM 161 Extra"]
[Source "ChessBase"]
[SourceDate "2014.08.29"]
[SourceVersion "1"]
[SourceVersionDate "2014.08.29"]
[SourceQuality "1"]

1. e4 e6 2. d4 d5 3. Nc3 Bb4 4. e5 Ne7 5. a3 Bxc3+ 6. bxc3 c5 7. Nf3 Qc7 8. a4 b6 9. Bb5+ Bd7 10. Bd3 c4 11. Be2 Nbc6 12. 0-0 f6 13. Re1 fxe5 14. Nxe5 Nxe5 15. dxe5 Nc6 16. Ba3 Nxe5 17. Bh5+ g6 18. f4 0-0-0 19. fxe5 gxh5 20. Bd6 Qb7 21. Qd4 Rhg8 22. h3 Be8 23. a5 Qg7 24. Re2 Rxd6 25. exd6 Qxd4+ 26. cxd4 Kd7 27. axb6 axb6 28. Rb1 1-0

[Event "Prague op-A 13th"]
[Site "Prague"]
[Date "2014.01.16"]
[Round "8"]
[White "Nguyen, Thai Dai Van"]
[Black "Pick, Stepan"]
[Result "1-0"]
[WhiteElo "2167"]
[BlackElo "2046"]
[PlyCount "37"]
[EventDate "2014.01.10"]
[EventType "swiss"]
[EventRounds "9"]
[EventCountry "CZE"]
[SourceTitle "CBM 158 Extra"]
[Source "ChessBase"]
[SourceDate "2014.02.28"]
[SourceVersion "1"]
[SourceVersionDate "2014.02.28"]
[SourceQuality "1"]

1. e4 e6 2. d4 d5 3. Nc3 Bb4 4. e5 c5 5. a3 Bxc3+ 6. bxc3 Ne7 7. Nf3 Bd7 8. Rb1 Qc7 9. Bd3 Ba4 10. 0-0 c4 11. Be2 Nbc6 12. Bf4 0-0-0 13. h4 h6 14. h5 Qa5 15. Qd2 f5 16. exf6 gxf6 17. Qe3 Bxc2 18. Qxe6+ Rd7 19. Rxb7 1-0

[Event "CZE-chT2C 1213"]
[Site "Czech Republic"]
[Date "2013.02.17"]
[Round "9.6"]
[White "Pick, Stepan"]
[Black "Skalicky, Tomas"]
[Result "1/2-1/2"]
[WhiteElo "2130"]
[BlackElo "1960"]
[PlyCount "109"]
[EventDate "2012.10.14"]
[EventType "team-tourn"]
[EventRounds "11"]
[EventCountry "CZE"]
[SourceTitle "EXT 2015"]
[Source "ChessBase"]
[SourceDate "2014.11.20"]
[SourceVersion "1"]
[SourceVersionDate "2014.11.20"]
[SourceQuality "1"]
[WhiteTeam "Pankrac II"]
[BlackTeam "Ricany"]
[WhiteTeamCountry "CZE"]
[BlackTeamCountry "CZE"]

1. Nf3 d5 2. g3 Nf6 3. Bg2 g6 4. 0-0 Bg7 5. d3 0-0 6. Nbd2 c5 7. e4 Nc6 8. c3 e5 9. Qa4 h6 10. exd5 Nxd5 11. Qc4 Nb6 12. Qxc5 Qxd3 13. Ne1 Qd7 14. Nc4 Nxc4 15. Qxc4 Qc7 16. Nf3 Be6 17. Qa4 Rfd8 18. Be3 a6 19. Rad1 b5 20. Rxd8+ Qxd8 21. Qc2 Qc7 22. a4 Rc8 23. axb5 axb5 24. Qc1 Kh7 25. h4 b4 26. Qb1 bxc3 27. bxc3 Ne7 28. Bd2 Rb8 29. Qc2 Bf5 30. Qa2 Be6 31. Qc2 Nd5 32. h5 Bf5 33. hxg6+ fxg6 34. Qc1 Rc8 35. Ng5+ hxg5 36. Bxd5 Bh3 37. Re1 Qc5 38. c4 e4 39. Bxg5 Bd4 40. Be3 Bxe3 41. Qxe3 Qxe3 42. Rxe3 Bf5 43. Rc3 Kg7 44. c5 Kf6 45. g4 Bxg4 46. Bxe4 Ke5 47. Bb7 Rc7 48. Re3+ Kd4 49. c6 Bf5 50. Re1 Be4 51. Rd1+ Kc5 52. Rd7 Kb6 53. Rxc7 Kxc7 54. Kh2 Bxc6 55. Ba6 1/2-1/2

[Event "CZE-chT2C 1112"]
[Site "Czech Republic"]
[Date "2012.04.22"]
[Round "11.3"]
[White "Brezmen, Pavel"]
[Black "Pick, Stepan"]
[Result "1/2-1/2"]
[WhiteElo "2093"]
[BlackElo "2169"]
[PlyCount "45"]
[EventDate "2011.10.09"]
[EventType "team-tourn"]
[EventRounds "11"]
[EventCountry "CZE"]
[SourceTitle "EXT 2013"]
[Source "ChessBase"]
[SourceDate "2012.11.22"]
[SourceVersion "1"]
[SourceVersionDate "2012.11.22"]
[SourceQuality "1"]
[WhiteTeam "Kolin"]
[BlackTeam "Pankrac II"]
[WhiteTeamCountry "CZE"]
[BlackTeamCountry "CZE"]

1. c4 Nf6 2. Nc3 c5 3. Nf3 Nc6 4. g3 e6 5. Bg2 d5 6. cxd5 exd5 7. d4 Be7 8. 0-0 0-0 9. Be3 c4 10. b3 cxb3 11. Qxb3 Na5 12. Qb5 Bf5 13. Ne5 a6 14. Qb2 Rc8 15. Rac1 b5 16. Bg5 b4 17. Na4 Nc4 18. Qb3 Be6 19. Nb2 Nxe5 20. Rxc8 Nf3+ 21. Bxf3 Qxc8 22. Rc1 Qb7 23. Nd3 1/2-1/2